450 Jahre Goldap
| Titel: | 450 Jahre Goldap : erzählte Geschichte einer ostpreußischen Kleinstadt aus viereinhalb Jahrhunderten / zusammengestellt von Annelies und Gerhard Trucewitz, mit einem Vorwort von Stephan Grigat |
|---|---|
| Verfasser: | ; |
| Beteiligt: | |
| Veröffentlicht: | Stade : Selbstverlag der Kreisgemeinschaft Goldap Ostpreußen e.V., Juli 2020 |
| Umfang: | 301 Seiten : Illustrationen ; 21 cm |
| Format: | Buch |
| Sprache: | Deutsch |
| ISBN: | 9783982139012 |
| Hinweise zum Inhalt: |
Inhaltsverzeichnis
|
alg: 47742978 001A $06000:25-03-21 001B $01999:05-05-21 $t11:39:34.000 001D $06000:25-03-21 001U $0utf8 001X $00 002@ $0Aax 002C $aText $btxt $2rdacontent 002D $aohne Hilfsmittel zu benutzen $bn $2rdamedia 002E $aBand $bnc $2rdacarrier 003@ $0477429785 003O $01244252800 $aOCoLC 004A $A978-3-9821390-1-2 $fBroschur 006G $01226260721 006U $021,B12 $f20210203 007A $01226260721 $aDNB 007G $0DE020BF3ECFC4BB124A48C12586CB0041890E 009P $qapplication/pdf $A2 $3Inhaltsverzeichnis $uhttp://scans.hebis.de/HEBCGI/show.pl?47742978_toc.pdf $mV:DE-603;B:DE-Mb50 010@ $ager 010E $erda 011@ $a2020 $nJuli 2020 021A $a450 Jahre Goldap $derzählte Geschichte einer ostpreußischen Kleinstadt aus viereinhalb Jahrhunderten $hzusammengestellt von Annelies und Gerhard Trucewitz, mit einem Vorwort von Stephan Grigat 028A $BVerfasser $4aut $7 $8Trucewitz, Annelies [Tnd] $9223779822 028C $BVerfasser $4aut $7 $8Trucewitz, Gerhard [Tnd] $9223779830 028C $BVerfasser eines Vorworts $4wpr $71118674227 $8Grigat, Stephan$Z1964- [Tp3] $9390434671 033A $pStade $nSelbstverlag der Kreisgemeinschaft Goldap Ostpreußen e.V. 034D $a301 Seiten 034I $a21 cm 034M $aIllustrationen 044K $RGoldap $RWoiwodschaft Ermland-Masuren $#Goldap $#Geldapė $74294817-4 $8Gołdap [Tg1] $908660452X 044K $#Ostpreußen $#Ostpreußen $#Provinz Ostpreußen $74075754-7 $8Ostpreußen [Tg1] $9085214493 044K $ROrtsgeschichte $#Local geography $#Géographie régionale $#Heimatforschung $#Heimatgeschichte $74127794-6 $8Heimatkunde [Ts1] $9085440744 044K $RKulturphilosophie $RZivilisation $#Civilization $#Culture $#Civilisation $#Culture $#Cultura $#Civilización $#Kultur $#Kultur $#kulturelle Faktoren $74125698-0 $8Kultur [Tsz] $9085424803 044K $RJudentum $RIsraeliten $RStämme Israels $#Jude $74028808-0 $8Juden [Ts1] $9085075922 044K $RGlaubensflüchtling $#Salzburgers Emigration, 1731-1735 $#Protestants Autriche Salzbourg (Autriche) 1731 (Expulsion) $#Salzburger Emigranten $74076983-5 $8Salzburger Exulanten [Ts1] $9085218219 044K $RFlucht $RUmsiedlung $#Forced migration $#Transferts de population $#Nettoyage ethnique $#Migración forzosa $#Vertreibung $#Zwangsumsiedlung $#Ethnische Säuberung $#Zwangsmigration $74063299-4 $8Vertreibung [Ts1] $9085177385 045E $c940 $c943 045F $a307.09438320904 $eDDC23BSB 045F/01 $a307.09 045F/03 $f0903 045F/03 $f0904 045F/03 $g43832 045R $aGeschichte 1570-2019 lok: 47742978 24 exp: 47742978 24 1 #EPN 201B/01 $029-04-21 $t14:47:10.000 201C/01 $001-04-21 201U/01 $0utf8 203@/01 $01147935203 208@/01 $a29-04-21 $bz 209A/01 $a21.02002 $du $f050 $h21 02002 $x00 209C/01 $a21.02002 K $h21 02002 K 209G/01 $a74459749 $x00 220C/01 $ahae 247C/01 $8358050-7Marburg, Bibliothek des Herder-Instituts Marburg $9102600961 lok: 47742978 78 exp: 47742978 78 1 #EPN 201B/01 $021-02-24 $t12:08:04.000 201C/01 $021-02-24 201U/01 $0utf8 203@/01 $01256633240 208@/01 $a21-02-24 $be 209A/01 $a/ $f000 $x00 209A/01 $ab*p $x01 220C/01 $apgar 244Z/01 $#Generalgouvernement Polen $#Polska $#Rzeczpospolita Polska $#Polska Rzeczpospolita Ludowa $#Poland $#Pologne $#République Polonaise $#Generalne Gubernatorstwo w Polsce $#Polish People's Republic $#Polska Rzeczpospolita Polen $#PRL $#RP $#Polen Generalgouvernement $#Polska Generalgouvernement $#Besetzte Polnische Gebiete $#Besetztes Gebiet in Polen $#Okupowane Polskie Obszary $#Obszary Okupowane w Polsce $#Volksrepublik Polen $#Polska Rosyjska $#Republic Polen $#Respublika Pol'ša $#Pol'skaja Narodnaja Respublika $#République de Pologne $#Polen Links der Weichsel $#Polska po Lewej Stronie Wisły $#Lenkija $#Polija $#Gubernija Carstva Pol'skago $#Republik Polen $74046496-9 $8--Tg1--Polen $x01 $9085129801 244Z/01 $#Preußen $#Preußen $#Brandenburg-Preußen $#Königreich Preußen $#Preußische Staaten $#Preußischer Staat $#Der @Preußische Staat $#Königlich Preußische Staaten $#Prusy Królewskie $#Königlich Preußen $#Prussia $74047194-9 $8--Tg1--Preußen $x06 $9085131652 247C/01 $82080>Marburg/Lahn, Herder-Institut, Forschungsbibliothek, Bibliographieportal $9336309341
| LEADER | 00000cam a22000002c 4500 | ||
|---|---|---|---|
| 001 | 477429785 | ||
| 003 | DE-603 | ||
| 005 | 20210505113934.0 | ||
| 007 | tu | ||
| 008 | 210325s2020 xx |||| | u00||u|ger | ||
| 015 | |a 21,B12 |2 dnb | ||
| 016 | 7 | |2 DE-101 |a 1226260721 | |
| 020 | |a 9783982139012 |c Broschur | ||
| 035 | |a (DE-599)DNB1226260721 | ||
| 035 | |a (OCoLC)1244252800 | ||
| 040 | |a DE-603 |b ger |c DE-603 |d DE-603 |e rda | ||
| 041 | |a ger | ||
| 082 | 0 | 4 | |8 1\u |a 307.09438320904 |q DE-101 |2 23/BSB |
| 084 | |a 940 |a 943 |q DE-101 |2 sdnb | ||
| 085 | |8 1\u |b 307.09 | ||
| 085 | |8 1\u |z 1 |s 0903 | ||
| 085 | |8 1\u |z 1 |s 0904 | ||
| 085 | |8 1\u |z 2 |s 43832 | ||
| 100 | 1 | |a Trucewitz, Annelies |e Verfasser |4 aut |0 (DE-603)223779822 | |
| 245 | 0 | 0 | |a 450 Jahre Goldap |b erzählte Geschichte einer ostpreußischen Kleinstadt aus viereinhalb Jahrhunderten |c zusammengestellt von Annelies und Gerhard Trucewitz, mit einem Vorwort von Stephan Grigat |
| 264 | 1 | |a Stade |b Selbstverlag der Kreisgemeinschaft Goldap Ostpreußen e.V. |c Juli 2020 | |
| 300 | |a 301 Seiten |b Illustrationen |c 21 cm | ||
| 336 | |a Text |b txt |2 rdacontent | ||
| 337 | |a ohne Hilfsmittel zu benutzen |b n |2 rdamedia | ||
| 338 | |a Band |b nc |2 rdacarrier | ||
| 648 | 7 | |a Geschichte 1570-2019 |2 gnd | |
| 650 | 7 | |a Heimatkunde |0 (DE-588)4127794-6 |0 (DE-603)085440744 |2 gnd | |
| 650 | 7 | |a Kultur |0 (DE-588)4125698-0 |0 (DE-603)085424803 |2 gnd | |
| 650 | 7 | |a Juden |0 (DE-588)4028808-0 |0 (DE-603)085075922 |2 gnd | |
| 650 | 7 | |a Salzburger Exulanten |0 (DE-588)4076983-5 |0 (DE-603)085218219 |2 gnd | |
| 650 | 7 | |a Vertreibung |0 (DE-588)4063299-4 |0 (DE-603)085177385 |2 gnd | |
| 651 | 7 | |a Gołdap |0 (DE-588)4294817-4 |0 (DE-603)08660452X |2 gnd | |
| 651 | 7 | |a Ostpreußen |0 (DE-588)4075754-7 |0 (DE-603)085214493 |2 gnd | |
| 700 | 1 | |a Trucewitz, Gerhard |e Verfasser |4 aut |0 (DE-603)223779830 | |
| 700 | 1 | |a Grigat, Stephan |d 1964- |e Verfasser eines Vorworts |4 wpr |0 (DE-603)390434671 |0 (DE-588)1118674227 |2 gnd | |
| 856 | 4 | 2 | |m V:DE-603;B:DE-Mb50 |q application/pdf |u http://scans.hebis.de/HEBCGI/show.pl?47742978_toc.pdf |3 Inhaltsverzeichnis |
| 924 | 0 | |9 Mb 50 |a (DE-603)1147935203 |b DE-Mb50 |c HES |d c |g 21.02002 | |
| 924 | 0 | |9 2080 |a (DE-603)1256633240 |b DE-2080 |c HES |d d |g / | |


